000 00425nam a2200145Ia 4500
008 220216s9999 xx 000 0 und d
100 _aRajammal G.
245 0 _aLatex stage compounding
260 _bInternational Conference on Structure-property Relations of Rubber, 1980, Kharagpur, India
_c1980
650 _aLatex compounding
650 _aNatural rubber
700 _aAlex R.
700 _aThomas E.V.
942 _cBS
999 _c51065
_d51065